000 00285nam a2200121Ia 4500
008 190216s9999||||xx |||||||||||||| ||und||
100 _aShekhar K C
245 0 _aBanking Theory And Practice
260 _bUnian Bank Of Kerala
_c1985
300 _a600
650 _aCommerce
942 _cBK
999 _c7206
_d7206